Lazarillo de Tormes (Registro nro. 9312)

Detalles MARC
000 -CABECERA
Campo de control interno 01541nam a2200229Ia 4500
008 - ELEMENTOS DE LONGITUD FIJA - INFORMACIÓN GENERAL
Campo de control de longitud fija 260220t2005||||xx |||||||||||||| ||spa||
040 ## - FUENTE DE CATALOGACIÓN
Agencia de catalogación original PY-SlUNAC
Idioma de catalogación spa
Convenciones de descripción rda
041 ## - CÓDIGO DE IDIOMA
Código de idioma para texto/pista de sonido o título separado spa
082 ## - NÚMERO DE CLASIFICACIÓN DECIMAL DEWEY
Clasificación Decimal Dewey (CDD) 863
Clasificación Expansiva de Cutter (EC) Al31l
245 #0 - TÍTULO
Título Lazarillo de Tormes
264 ## - PIE DE IMPRENTA
Lugar Barcelona :
Editorial El País,
Año ℗2005.
300 ## - DESCRIPCIÓN FÍSICA
Páginas 1 volumen
520 ## - NOTA DE RESUMEN
Nota de resumen "Lazarillo de Tormes" es una novela picaresca anónima del siglo XVI que narra las desventuras de Lázaro, un joven huérfano que se convierte en un pícaro para sobrevivir en la sociedad española de la época. A lo largo de la obra, Lázaro sirve a varios amos de diversas clases sociales, incluyendo un ciego, un clérigo y un escudero, cada uno representando diferentes aspectos de la hipocresía y las dificultades de la vida en la sociedad. A través de su ingenio y astucia, Lázaro aprende a navegar un mundo lleno de engaños y desigualdades, reflejando la lucha por la dignidad y la búsqueda de identidad en un entorno hostil. La obra no solo ofrece una crítica social profunda sobre la corrupción y la pobreza, sino que también establece las bases del género picaresco, influyendo en la literatura posterior. La narrativa de Lázaro es un testimonio de la resiliencia humana frente a la adversidad, así como una reflexión sobre la condición humana.
653 ## - MATERIA - TÉRMINO TEMÁTICO NO CONTROLADO (PALABRAS CLAVE)
Materia - término temático no controlado (palabras clave) Literatura
653 ## - MATERIA - TÉRMINO TEMÁTICO NO CONTROLADO (PALABRAS CLAVE)
Materia - término temático no controlado (palabras clave) Narrativa
653 ## - MATERIA - TÉRMINO TEMÁTICO NO CONTROLADO (PALABRAS CLAVE)
Materia - término temático no controlado (palabras clave) Novela
942 ## - ELEMENTOS PERSONALIZADOS (KOHA)
Fecha catalogación 2026/02/17
Tipo de documento Libros
Existencias
Fuente de Clasificacion Colección Ubicacion permanente Biblioteca actual Fecha de Ingreso a la Biblioteca Origen de adquisición Código de ubicación Código de barras Tipo de Item KOHA Nota pública
Dewey Decimal Classification Colección General (CG) Biblioteca e Internet, Facultad de Ciencias Exactas y Naturales Biblioteca e Internet, Facultad de Ciencias Exactas y Naturales 02/20/2026 Donación 863 Al31l CG2672 Libros Material disponible en la Biblioteca e Intenet, Campus UNA, San Lorenzo.